MARC

Tag First Indicator Second Indicator Subfields
LEADER 00000cam a2200000Ma 4500
001 in00000096807
005 20230706125643.0
008 830310s1971 dcuak 000 0 eng d
019 |a 555998  |a 1320299  |a 976541631 
020 |a 0309018447 
020 |a 9780309018449 
029 1 |a AU@  |b 000025019792 
029 1 |a DEBBG  |b BV022131486 
035 |a (OCoLC)ocm41238789  
035 |a (OCoLC)41238789  |z (OCoLC)555998  |z (OCoLC)1320299  |z (OCoLC)976541631 
035 |a (OCoLC)ocm41238789  
040 |a NUI  |b eng  |c NUI  |d DXU  |d WEN  |d DEBBG  |d OCLCF  |d OCLCQ  |d OCLCO  |d CNUTO  |d OCLCO 
043 |a n-us--- 
050 4 |a TA455.B5  |b N35x 
082 0 4 |a 620.196  |b B66 
245 0 0 |a Bituminous aggregate base course :  |b survey of state practices. 
260 |a Washington, D.C. :  |b Highway Research Board,  |c 1971. 
300 |a viii, 67 pages :  |b illustrations, forms ;  |c 25 cm. 
336 |a text  |b txt  |2 rdacontent 
337 |a unmediated  |b n  |2 rdamedia 
338 |a volume  |b nc  |2 rdacarrier 
490 1 |a HRB special report ;  |v 117 
583 |a commitment to retain  |c 20151204  |2 pda  |5 OTUTLD 
650 0 |a Pavements, Bituminous. 
650 0 |a Roads  |z United States  |x Design and construction. 
650 0 |a Bituminous materials. 
650 6 |a Revêtements bitumineux. 
650 6 |a Matériaux bitumineux. 
650 7 |a bituminous material.  |2 aat 
650 7 |a Bituminous materials.  |2 fast  |0 (OCoLC)fst00833512 
650 7 |a Pavements, Bituminous.  |2 fast  |0 (OCoLC)fst01055515 
650 7 |a Roads  |x Design and construction.  |2 fast  |0 (OCoLC)fst01098548 
651 7 |a United States.  |2 fast  |0 (OCoLC)fst01204155 
650 7 |a Bitumen  |2 gnd 
710 2 |a National Research Council (U.S.).  |b Highway Research Board. 
830 0 |a Special report (National Research Council (U.S.). Highway Research Board) ;  |v 117. 
948 |h NO HOLDINGS IN TXA - 93 OTHER HOLDINGS 
994 |a Z0  |b TXA 
999 f f |s 68a63192-2cdc-330e-9493-38912dc82a0a  |i c81d2bd4-379d-3014-bbcf-af050dd95c0c  |t 0 
952 f f |p ric  |a Texas A&M University  |b Rellis Campus  |c Joint Library Facility  |d Remote Storage  |t 0  |e TE270 .N325  |h Library of Congress classification  |i unmediated -- volume  |m A14805389692 
998 f f |a TE270 .N325  |t 0  |l Remote Storage